Statistics for Presidents of Peru by Picture

Click here to take the quiz!

General Stats

  • This quiz has been taken 11 times
  • The average score is 27 of 57

Answer Stats

Answer% Correct
Alan García
100%
Alberto Fujimori
100%
Dina Boluarte
100%
Pedro Castillo
100%
Alejandro Toledo
89%
José de San Martín
89%
Martín Vizcarra
89%
Fernando Belaúnde
78%
Francisco Sagasti
78%
Juan Velasco Alvarado
78%
Manuel Merino
78%
Ollanta Humala
78%
Pedro Pablo Kuczynski
78%
Valentín Paniagua
78%
Francisco Morales Bermúdez
67%
Luis Miguel Sánchez Cerro
67%
Manuel Prado Ugarteche
67%
Mariano Ignacio Prado
67%
Remigio Morales Bermúdez
67%
Augusto B. Leguía
56%
José de la Riva Agüero
56%
Simón Bolívar
56%
Andrés Avelino Cáceres
44%
Guillermo Billinghurst
44%
José de la Mar
44%
José Pardo y Barreda
44%
Manuel A. Odría
44%
Manuel Pardo
44%
Nicolás de Piérola
44%
Nicolás Lindley López
44%
Agustín Gamarra
33%
Francisco García Calderón
33%
José Bernardo de Tagle y Portocarrero
33%
José Luis Bustamante y Rivero
33%
Luis José de Orbegoso
33%
Miguel Iglesias
33%
Óscar R. Benavides
33%
Pedro Diez Canseco
33%
Ramón Castilla
33%
Ricardo Pérez Godoy
33%
Eduardo López de Romaña
22%
Felipe Santiago Salaverry
22%
José Balta
22%
José Rufino Echenique
22%
Juan Antonio Pezet
22%
Juan Francisco de Vidal
22%
Justiniano Borgoño
22%
Luis La Puerta
22%
Manuel Candamo
22%
Manuel Ignacio de Vivanco
22%
Manuel Menéndez
22%
Mariano Herencia Zevallos
22%
Miguel de San Román
22%
Serapio Calderón
22%
David Samanez Ocampo
11%
Lizardo Montero Flores
11%
Tomás Gutiérrez
11%

Score Distribution

Percentile by Number Answered

Percent of People with Each Score

Your Score History

You have not taken this quiz